[Event "HZ Chess Tournament 2013"]
[Site "?"]
[Date "2013.08.04"]
[Round "3"]
[White "Berkovich, Mark A"]
[Black "Van Osch, Mees"]
[Result "1-0"]
[WhiteElo "2375"]
[BlackElo "2163"]
[PlyCount "37"]
[EventDate "2013.??.??"]

1. Nf3 Nf6 2. d4 c5 3. d5 b5 4. Bg5 Qb6 5. Bxf6 Qxf6 6. c3 Qb6 7. e4 d6 8. Nbd2
g6 9. a4 bxa4 10. Nc4 Qc7 11. Qxa4+ Nd7 12. Qc6 Qb8 13. Nb6 Qxb6 14. Qxa8 Nb8
15. Qxa7 Qxb2 16. Qa3 Qc2 17. Bb5+ Nd7 18. Bxd7+ Bxd7 19. O-O 1-0

[Event "HZ Chess Tournament 2013"]
[Site "?"]
[Date "2013.08.04"]
[Round "3"]
[White "Boerkamp, Harry"]
[Black "Freeke, Matthieu"]
[Result "0-1"]
[WhiteElo "2003"]
[BlackElo "2332"]
[PlyCount "60"]
[EventDate "2013.??.??"]

1. e4 e5 2. Nf3 Nc6 3. Bc4 Bc5 4. b4 Bxb4 5. c3 Ba5 6. d4 d6 7. Qb3 Qd7 8. O-O
Bb6 9. Bb5 a6 10. Ba4 Ba7 11. Bxc6 Qxc6 12. dxe5 Be6 13. Qc2 dxe5 14. Nxe5 Qb5
15. Bf4 Nf6 16. Nd2 Nh5 17. Rfb1 Qe2 18. Be3 Bxe3 19. fxe3 Rd8 20. Nef3 Qxe3+
21. Kh1 Bc8 22. e5 O-O 23. Rb4 g6 24. Re1 Qd3 25. Qb2 b5 26. Rh4 Bb7 27. Ne4
Bxe4 28. Rhxe4 Ng7 29. Nd4 c5 30. Nc6 Qxe4 0-1

[Event "HZ Chess Tournament 2013"]
[Site "?"]
[Date "2013.08.04"]
[Round "3"]
[White "Meissner, Felix"]
[Black "Ducarmon, Renzo"]
[Result "1/2-1/2"]
[WhiteElo "2295"]
[BlackElo "2024"]
[PlyCount "58"]
[EventDate "2013.??.??"]

1. d4 Nf6 2. c4 g6 3. Nc3 Bg7 4. e4 d6 5. f4 c5 6. d5 O-O 7. Nf3 e6 8. Be2 exd5
9. cxd5 Bg4 10. h3 Bxf3 11. Bxf3 Nbd7 12. O-O a6 13. g4 h6 14. Qc2 b5 15. Ne2
Re8 16. h4 Nxe4 17. Bxe4 Qxh4 18. Bf3 Nf6 19. Kg2 Nxg4 20. Bxg4 Qxg4+ 21. Ng3
h5 22. Qd1 Qxd1 23. Rxd1 h4 24. Nf1 Re2+ 25. Kf3 Rae8 26. Ne3 Rh2 27. Nf1 Rhe2
28. Ng3 Rh2 29. Nf1 Rhe2 1/2-1/2

[Event "HZ Chess Tournament 2013"]
[Site "?"]
[Date "2013.08.04"]
[Round "3"]
[White "Van Foreest, Jorden"]
[Black "Dijkstra, Arjan"]
[Result "1-0"]
[WhiteElo "2284"]
[BlackElo "1982"]
[PlyCount "85"]
[EventDate "2013.??.??"]

1. Nf3 Nf6 2. c4 g6 3. g3 Bg7 4. Bg2 O-O 5. O-O d6 6. Nc3 e5 7. d3 c6 8. Rb1 a5
9. a3 Be6 10. h3 Nbd7 11. Ng5 Qe7 12. b4 axb4 13. axb4 d5 14. Nxe6 Qxe6 15.
cxd5 Nxd5 16. Nxd5 cxd5 17. Qb3 Nf6 18. Bg5 Rfd8 19. Rfc1 Ra6 20. Rc7 Rb6 21.
Rbc1 Rc6 22. b5 Rxc1+ 23. Rxc1 b6 24. Rc6 Rd6 25. Qc2 Nd7 26. Rxd6 Qxd6 27. Qc6
Bf8 28. Bxd5 Nc5 29. Bc4 Ne6 30. Qxd6 Bxd6 31. Bxe6 fxe6 32. Bd8 Bc5 33. Bc7 e4
34. dxe4 Kf7 35. e3 Ke7 36. Kf1 Kd7 37. Be5 Bd6 38. Bxd6 Kxd6 39. f4 Kc5 40. g4
Kxb5 41. f5 Kc6 42. f6 Kd7 43. e5 1-0

[Event "HZ Chess Tournament 2013"]
[Site "?"]
[Date "2013.08.04"]
[Round "3"]
[White "Mostertman, Milan"]
[Black "Velez Romero, Juan Luis"]
[Result "1-0"]
[WhiteElo "2280"]
[BlackElo "1977"]
[PlyCount "51"]
[EventDate "2013.??.??"]

1. e4 c5 2. Nf3 d6 3. d4 cxd4 4. Nxd4 Nf6 5. Nc3 g6 6. Be3 Bg7 7. f3 O-O 8. Qd2
Nc6 9. O-O-O d5 10. exd5 Nxd5 11. Nxc6 bxc6 12. Nxd5 cxd5 13. Qxd5 Qc7 14. Qc5
Qb7 15. b3 Bf5 16. Bd3 Rfc8 17. Qa5 Qc6 18. Bxf5 gxf5 19. c4 Qe6 20. Rhe1 Rxc4+
21. bxc4 Qxc4+ 22. Kd2 Bc3+ 23. Qxc3 Rd8+ 24. Bd4 Rxd4+ 25. Kc2 Qxa2+ 26. Kc1
1-0

[Event "HZ Chess Tournament 2013"]
[Site "?"]
[Date "2013.08.04"]
[Round "3"]
[White "Lentjes, Noud"]
[Black "Kuling, Lody"]
[Result "0-1"]
[WhiteElo "2027"]
[BlackElo "2246"]
[PlyCount "104"]
[EventDate "2013.??.??"]

1. e4 c5 2. Nf3 e6 3. d4 cxd4 4. Nxd4 Nf6 5. Nc3 Qb6 6. Nb3 Bb4 7. Bd3 Bxc3+ 8.
bxc3 d6 9. O-O O-O 10. Bb2 Nbd7 11. c4 e5 12. Kh1 Nc5 13. Nxc5 Qxc5 14. f4 Be6
15. Bc1 Bxc4 16. fxe5 dxe5 17. Rxf6 Bxd3 18. cxd3 gxf6 19. Bh6 Kh8 20. Qf3 Qb6
21. Bxf8 Rxf8 22. Rf1 Rg8 23. h4 Rg6 24. h5 Rg5 25. Qh3 h6 26. Qf3 Kg7 27. Kh2
Qe6 28. a4 b6 29. Rf2 a6 30. Qh3 Qc6 31. Qf3 Qe6 32. Qh3 Qxh3+ 33. gxh3 Rxh5
34. Rb2 f5 35. Rxb6 fxe4 36. dxe4 Rh4 37. Rxa6 Rxe4 38. Ra8 Kg6 39. a5 Ra4 40.
a6 Kf5 41. Kg3 h5 42. Rf8 f6 43. Rh8 h4+ 44. Rxh4 Ra3+ 45. Kg2 Rxa6 46. Rh5+
Kf4 47. Rh4+ Kg5 48. Rg4+ Kf5 49. Rb4 Ra2+ 50. Kg3 Ra3+ 51. Kg2 e4 52. h4 Kf4
0-1

[Event "HZ Chess Tournament 2013"]
[Site "?"]
[Date "2013.08.04"]
[Round "3"]
[White "Aangeenbrug, Hans"]
[Black "Lacrosse, Marc"]
[Result "1/2-1/2"]
[WhiteElo "1997"]
[BlackElo "2203"]
[PlyCount "34"]
[EventDate "2013.??.??"]

1. d4 d5 2. c4 e6 3. Nc3 Nf6 4. Bg5 c6 5. e3 Nbd7 6. cxd5 exd5 7. Bd3 Be7 8.
Qc2 O-O 9. Nge2 Re8 10. O-O Nf8 11. Rab1 a5 12. Rbe1 Ng6 13. Ng3 Be6 14. Nf5
Bf8 15. Nh4 Be7 16. Nf5 Bf8 17. Nh4 Be7 1/2-1/2

[Event "HZ Chess Tournament 2013"]
[Site "?"]
[Date "2013.08.04"]
[Round "3"]
[White "Milort, Gerard"]
[Black "Van Den Berg, Ad"]
[Result "1/2-1/2"]
[WhiteElo "1983"]
[BlackElo "2197"]
[PlyCount "24"]
[EventDate "2013.??.??"]

1. d4 d6 2. Nf3 g6 3. e4 Bg7 4. Be3 c5 5. c3 Nf6 6. dxc5 O-O 7. cxd6 Nxe4 8.
dxe7 Qxe7 9. Bc4 Nc6 10. O-O Bf5 11. Qe2 Rfd8 12. Nbd2 Nxd2 1/2-1/2

[Event "HZ Chess Tournament 2013"]
[Site "?"]
[Date "2013.08.04"]
[Round "3"]
[White "De Wolf, Johan"]
[Black "Galle, Andre"]
[Result "1/2-1/2"]
[WhiteElo "2129"]
[BlackElo "1976"]
[PlyCount "25"]
[EventDate "2013.??.??"]

1. d4 d6 2. e4 g6 3. Nf3 Bg7 4. Bd3 e5 5. c3 Nc6 6. dxe5 dxe5 7. O-O Nf6 8. a4
a5 9. Na3 O-O 10. Qe2 Nh5 11. Nb5 Nf4 12. Bxf4 exf4 13. Rad1 1/2-1/2

[Event "HZ Chess Tournament 2013"]
[Site "?"]
[Date "2013.08.04"]
[Round "3"]
[White "Kampman, Tijmen"]
[Black "Roelofs, Rik"]
[Result "1/2-1/2"]
[WhiteElo "2126"]
[BlackElo "1975"]
[PlyCount "56"]
[EventDate "2013.??.??"]

1. c4 Nf6 2. g3 g6 3. Bg2 Bg7 4. Nc3 O-O 5. Rb1 c5 6. a3 Nc6 7. b4 d6 8. e3
cxb4 9. axb4 Bf5 10. d3 a5 11. b5 Nb4 12. e4 Bg4 13. Nge2 Nd7 14. f3 Ne5 15.
O-O Nexd3 16. fxg4 Qb6+ 17. Kh1 Nf2+ 18. Rxf2 Qxf2 19. Nd5 Nxd5 20. exd5 a4 21.
Bb2 Rfc8 22. Bxg7 Kxg7 23. Qd3 a3 24. Bf1 Qf6 25. Nd4 a2 26. Ra1 Ra4 27. Qd1
Rca8 28. Nc2 Qe5 1/2-1/2

[Event "HZ Chess Tournament 2013"]
[Site "?"]
[Date "2013.08.04"]
[Round "3"]
[White "Rosmuller, Anton"]
[Black "Hertog, Bart"]
[Result "1-0"]
[WhiteElo "2091"]
[BlackElo "1597"]
[PlyCount "71"]
[EventDate "2013.??.??"]

1. Nf3 d5 2. c4 c6 3. b3 Nf6 4. Bb2 Bf5 5. g3 e6 6. Bg2 Nbd7 7. O-O Bd6 8. d3
O-O 9. Nc3 d4 10. Nxd4 Bg6 11. Nc2 e5 12. b4 Re8 13. a4 Qc7 14. Ba3 Rad8 15. b5
e4 16. Bxd6 Qxd6 17. d4 Ng4 18. e3 h5 19. Qe2 Ndf6 20. Rfe1 h4 21. h3 Bh5 22.
hxg4 Bxg4 23. Qf1 hxg3 24. fxg3 Qxg3 25. Qf2 Qd6 26. Qf4 Qe6 27. d5 cxd5 28.
Nd4 Qc8 29. Nxd5 Nh5 30. Qc7 Rd7 31. Qxc8 Rxc8 32. Bxe4 Rxc4 33. Rac1 Rxc1 34.
Rxc1 Rd6 35. Kf2 g6 36. Rc7 1-0

[Event "HZ Chess Tournament 2013"]
[Site "?"]
[Date "2013.08.04"]
[Round "3"]
[White "Ijzermans, Cees"]
[Black "Kuipers, Stefan"]
[Result "0-1"]
[WhiteElo "1959"]
[BlackElo "2437"]
[PlyCount "52"]
[EventDate "2013.??.??"]

1. e4 c5 2. Nf3 Nc6 3. Bb5 d6 4. Bxc6+ bxc6 5. h3 e5 6. O-O g5 7. d3 g4 8. hxg4
Bxg4 9. Nbd2 Nf6 10. Nc4 Rg8 11. Ne3 Qd7 12. Re1 Nh5 13. Nf1 Be7 14. g3 Nf4 15.
N1h2 Bh5 16. Kh1 Qh3 17. Rg1 Ne6 18. c3 O-O-O 19. Qe2 Rdf8 20. Qe3 f5 21. exf5
Qxf5 22. Ne1 Bg5 23. f4 exf4 24. gxf4 Bxf4 25. Qf2 Qd5+ 26. Nhf3 Bxf3+ 0-1

[Event "HZ Chess Tournament 2013"]
[Site "?"]
[Date "2013.08.04"]
[Round "3"]
[White "Roessler, Wolfgang"]
[Black "Stefan, Romulus-Cristian"]
[Result "0-1"]
[WhiteElo "1927"]
[BlackElo "2188"]
[PlyCount "62"]
[EventDate "2013.??.??"]

1. e4 d6 2. d4 Nf6 3. Nc3 g6 4. f4 Bg7 5. e5 Nfd7 6. Nf3 c5 7. exd6 O-O 8. Be3
exd6 9. Qd2 Nc6 10. O-O-O Qa5 11. a3 Nf6 12. Nb5 Qxd2+ 13. Rxd2 Nd5 14. Bf2
cxd4 15. Nfxd4 Nxf4 16. Nc7 Rb8 17. Nf3 Bg4 18. Rxd6 Rfd8 19. Rxd8+ Rxd8 20. h3
Bf5 21. g3 Be4 22. Nd2 Bxh1 23. gxf4 Nd4 24. Bd3 a6 25. f5 Be5 26. fxg6 hxg6
27. Nxa6 bxa6 28. Bxa6 Bf4 29. b4 Ne2+ 30. Kb2 Rxd2 31. Kb3 Nc1+ 0-1

[Event "HZ Chess Tournament 2013"]
[Site "?"]
[Date "2013.08.04"]
[Round "3"]
[White "Van Gool, Henk"]
[Black "Westerweele, Henrik"]
[Result "1-0"]
[WhiteElo "2152"]
[BlackElo "1937"]
[PlyCount "75"]
[EventDate "2013.??.??"]

1. d4 Nf6 2. Nf3 c5 3. d5 e6 4. Nc3 d6 5. e4 e5 6. Be2 Be7 7. O-O O-O 8. Nd2
Nbd7 9. a4 a6 10. a5 b5 11. axb6 Nxb6 12. Nb3 Bb7 13. Na5 Qc7 14. Ra3 Bc8 15.
Be3 Bd7 16. f3 Ne8 17. Qd2 f5 18. Rb1 fxe4 19. fxe4 Nf6 20. Qd1 Qc8 21. b4 Ng4
22. Bxg4 Bxg4 23. Qe1 Nd7 24. Nc6 Bf6 25. Na4 Qe8 26. h3 Bxh3 27. Qg3 Be6 28.
dxe6 Qxe6 29. Qh3 Qe8 30. bxc5 Nxc5 31. Nxc5 Qxc6 32. Nd7 Rf7 33. Nxf6+ Rxf6
34. Bg5 Rg6 35. Rc3 Qxe4 36. Rc8+ Rxc8 37. Qxc8+ Kf7 38. Qd7+ 1-0

[Event "HZ Chess Tournament 2013"]
[Site "?"]
[Date "2013.08.04"]
[Round "3"]
[White "Verbruggen, Samuel"]
[Black "Gijsen, Stief"]
[Result "1/2-1/2"]
[WhiteElo "1918"]
[BlackElo "2142"]
[PlyCount "84"]
[EventDate "2013.??.??"]

1. e4 e5 2. Nf3 Nc6 3. Bb5 a6 4. Ba4 Nf6 5. O-O Be7 6. Re1 b5 7. Bb3 O-O 8. a4
b4 9. d3 d6 10. Nbd2 Na5 11. Ba2 Be6 12. Nc4 Nxc4 13. Bxc4 Bxc4 14. dxc4 Qd7
15. a5 Qe6 16. Qd3 Nd7 17. Bd2 Rab8 18. Be3 f5 19. exf5 Qxf5 20. Qxf5 Rxf5 21.
Rad1 Rd8 22. Bd2 c5 23. c3 bxc3 24. Bxc3 Nb8 25. b4 cxb4 26. Bxb4 Nc6 27. Bc3
Rb8 28. Rb1 Rff8 29. Nd2 Kf7 30. Ne4 Ke6 31. Kf1 h6 32. Ke2 Bd8 33. Rxb8 Nxb8
34. Rd1 Bc7 35. Bb4 Rd8 36. Nc3 Nc6 37. Nd5 Bxa5 38. Bxa5 Nxa5 39. c5 dxc5 40.
Nc7+ Ke7 41. Rxd8 Kxd8 42. Ne6+ Ke7 1/2-1/2

[Event "HZ Chess Tournament 2013"]
[Site "?"]
[Date "2013.08.04"]
[Round "3"]
[White "Verhoef, Harry"]
[Black "Stange, Sven"]
[Result "1/2-1/2"]
[WhiteElo "1892"]
[BlackElo "2137"]
[PlyCount "35"]
[EventDate "2013.??.??"]

1. e4 e5 2. Nf3 Nf6 3. Nxe5 d6 4. Nf3 Nxe4 5. Nc3 Nxc3 6. dxc3 Be7 7. Be3 Nc6
8. Qd2 Be6 9. O-O-O Ne5 10. Ng5 Qd7 11. Kb1 O-O 12. h4 b5 13. Bd3 Nxd3 14. Nxe6
Qxe6 15. Qxd3 Bf6 16. Rde1 Qc4 17. Qxc4 bxc4 18. Bd4 1/2-1/2

[Event "HZ Chess Tournament 2013"]
[Site "?"]
[Date "2013.08.04"]
[Round "3"]
[White "Fehr, Axel"]
[Black "Schouten, Jordy"]
[Result "1/2-1/2"]
[WhiteElo "2131"]
[BlackElo "1887"]
[PlyCount "116"]
[EventDate "2013.??.??"]

1. c4 e5 2. g3 Bc5 3. Nc3 c6 4. Nf3 d6 5. Bg2 f5 6. d4 exd4 7. Nxd4 Nf6 8. O-O
O-O 9. Qd3 Nbd7 10. Ne6 Ne5 11. Nxd8 Nxd3 12. exd3 Rxd8 13. Ne2 Re8 14. Bf3 Be6
15. b3 Nd7 16. d4 Bb6 17. Bf4 d5 18. c5 Ba5 19. a3 Bf7 20. b4 Bd8 21. h4 Bf6
22. Rab1 Nf8 23. Rfd1 Ne6 24. b5 Nxf4 25. Nxf4 Rab8 26. a4 h6 27. h5 a6 28. Kg2
axb5 29. axb5 Ra8 30. bxc6 bxc6 31. Rb6 Rec8 32. g4 Ra4 33. Ne2 f4 34. Rdb1
Bxd4 35. Rb8 Rxb8 36. Rxb8+ Kh7 37. Rf8 Bxc5 38. Rxf7 Bd6 39. Rd7 Bb8 40. Nc3
Rc4 41. Ne2 Be5 42. Rd8 g5 43. hxg6+ Kxg6 44. Ng1 Rc3 45. Nh3 d4 46. Re8 Kf6
47. Nxf4 Bxf4 48. Rf8+ Ke6 49. Rxf4 d3 50. Re4+ Kd6 51. Re1 c5 52. Rh1 Ke5 53.
Rxh6 c4 54. Rh5+ Ke6 55. Rh8 Ke5 56. Rh5+ Ke6 57. Rh8 Ke5 58. Rh5+ Ke6 1/2-1/2

[Event "HZ Chess Tournament 2013"]
[Site "?"]
[Date "2013.08.04"]
[Round "3"]
[White "Oosterom, Erik"]
[Black "Goorden, Johan"]
[Result "1-0"]
[WhiteElo "2125"]
[BlackElo "1882"]
[PlyCount "47"]
[EventDate "2013.??.??"]

1. d4 g6 2. c4 Bg7 3. Nf3 c5 4. d5 d6 5. g3 e5 6. dxe6 fxe6 7. Bg2 Ne7 8. O-O
O-O 9. Nc3 Qb6 10. Qb3 Nbc6 11. Rd1 Rd8 12. Bg5 d5 13. cxd5 Qxb3 14. axb3 exd5
15. e4 Bxc3 16. bxc3 Be6 17. exd5 Bxd5 18. c4 Bxf3 19. Bxf3 Rf8 20. Kg2 Nf5 21.
Rd7 Nfd4 22. Bd5+ Kh8 23. Rxb7 Nxb3 24. Rxb3 1-0

[Event "HZ Chess Tournament 2013"]
[Site "?"]
[Date "2013.08.04"]
[Round "3"]
[White "Algra, Jouke"]
[Black "Smit, Manuel"]
[Result "1-0"]
[WhiteElo "2114"]
[BlackElo "1882"]
[PlyCount "73"]
[EventDate "2013.??.??"]

1. d4 Nf6 2. Nf3 h6 3. g3 d5 4. Bg2 e6 5. O-O c5 6. e3 Nc6 7. b3 Be7 8. dxc5
Bxc5 9. Bb2 O-O 10. Qe2 Qe7 11. c4 Rd8 12. cxd5 exd5 13. Nc3 a6 14. Rad1 Bg4
15. h3 Bh5 16. g4 Bg6 17. Na4 Ba7 18. Nd4 Nxd4 19. Bxd4 Ne4 20. Qb2 b5 21. Bxa7
Qxa7 22. Nc3 Qc5 23. Ne2 Nf6 24. Rc1 Qd6 25. Nd4 Rac8 26. Rxc8 Rxc8 27. Rc1 Qd8
28. Nc6 Qf8 29. Ne7+ Qxe7 30. Rxc8+ Kh7 31. Rc6 h5 32. gxh5 Bxh5 33. Rxa6 Nd7
34. Qd4 Ne5 35. Qxd5 f6 36. f4 Bf7 37. Qd6 1-0

[Event "HZ Chess Tournament 2013"]
[Site "?"]
[Date "2013.08.04"]
[Round "3"]
[White "Baete, Guy"]
[Black "Brookes, Christopher"]
[Result "0-1"]
[WhiteElo "1879"]
[BlackElo "2112"]
[PlyCount "68"]
[EventDate "2013.??.??"]

1. d4 Nf6 2. Nf3 g6 3. g3 Bg7 4. Bg2 O-O 5. O-O d6 6. Nbd2 Nc6 7. Nb3 e5 8.
dxe5 dxe5 9. c3 Qe7 10. Bg5 Rd8 11. Qc1 a5 12. Rd1 Be6 13. Qe3 h6 14. Bxf6 Qxf6
15. Nc5 Rxd1+ 16. Rxd1 Bxa2 17. Nd2 b6 18. Nde4 Qe7 19. Rd7 Qe8 20. Rxc7 bxc5
21. Nxc5 Na7 22. Bxa8 Qxa8 23. Na4 Nb5 24. Nb6 Qa6 25. Rc8+ Kh7 26. Ra8 Na7 27.
Nc8 Qc6 28. Qxa7 Qd5 29. Ne7 Qd1+ 30. Kg2 Qxe2 31. Qb8 h5 32. Rxa5 Qe4+ 33. Kg1
Qe1+ 34. Kg2 Bc4 0-1

[Event "HZ Chess Tournament 2013"]
[Site "?"]
[Date "2013.08.04"]
[Round "3"]
[White "Tangarife Ramirez, Gonzalo"]
[Black "Westerweele, Maarten"]
[Result "1/2-1/2"]
[WhiteElo "2108"]
[BlackElo "1880"]
[PlyCount "48"]
[EventDate "2013.??.??"]

1. d4 Nf6 2. Nf3 g6 3. c4 d5 4. Nc3 Bg7 5. cxd5 Nxd5 6. e4 Nxc3 7. bxc3 c5 8.
Bb5+ Nd7 9. O-O O-O 10. Be2 b6 11. Be3 Bb7 12. Nd2 Rc8 13. e5 cxd4 14. cxd4 Nb8
15. Qa4 a6 16. Rfc1 Nc6 17. Nf3 b5 18. Qd1 Qd7 19. Ng5 Na5 20. Bf3 h6 21. Ne4
Bxe4 22. Bxe4 Nc4 23. Qe2 Rfd8 24. h3 e6 1/2-1/2

[Event "HZ Chess Tournament 2013"]
[Site "?"]
[Date "2013.08.04"]
[Round "3"]
[White "Van Der Zalm, Marnix"]
[Black "Van Gemert, Jean-Pierre"]
[Result "1-0"]
[WhiteElo "2091"]
[BlackElo "1873"]
[PlyCount "57"]
[EventDate "2013.??.??"]

1. d4 Nf6 2. c4 g6 3. Nc3 Bg7 4. e4 d6 5. f4 O-O 6. Nf3 Bg4 7. Be2 c5 8. d5 Na6
9. O-O Nd7 10. h3 Bxf3 11. Bxf3 Bd4+ 12. Kh1 Nc7 13. g4 e5 14. f5 Qh4 15. Kg2
gxf5 16. exf5 Kh8 17. Ne4 Qe7 18. f6 Qd8 19. Bh6 Nxf6 20. Bg5 Nce8 21. Be2 Nxg4
22. Bxg4 f6 23. Rf5 h5 24. Bxh5 Rg8 25. Bxe8 Rxg5+ 26. Rxg5 fxg5 27. Qh5+ Kg7
28. Qg6+ Kh8 29. Nf6 1-0

[Event "HZ Chess Tournament 2013"]
[Site "?"]
[Date "2013.08.04"]
[Round "3"]
[White "Suurmond, Rik"]
[Black "Bottema, Martin"]
[Result "0-1"]
[WhiteElo "1867"]
[BlackElo "2087"]
[PlyCount "68"]
[EventDate "2013.??.??"]

1. c4 e5 2. Nc3 Nf6 3. g3 Bb4 4. Bg2 O-O 5. e3 c6 6. a3 Bxc3 7. bxc3 d6 8. Qc2
Be6 9. d3 d5 10. cxd5 cxd5 11. Rb1 Qc7 12. Ne2 Nc6 13. O-O Rac8 14. f4 Bg4 15.
e4 dxe4 16. dxe4 Rfe8 17. h3 Bxe2 18. Qxe2 b6 19. f5 Na5 20. g4 Qc4 21. Qf2
Nxe4 22. Bxe4 Qxe4 23. Rb4 Qd3 24. f6 Rxc3 25. fxg7 Qg3+ 26. Qxg3 Rxg3+ 27. Kh2
Rc3 28. Bh6 Rd8 29. g5 Nc4 30. h4 Rd2+ 31. Kg1 Rg3+ 32. Kh1 Rh3+ 33. Kg1 Ne3
34. Rff4 Rd1+ 0-1

[Event "HZ Chess Tournament 2013"]
[Site "?"]
[Date "2013.08.04"]
[Round "3"]
[White "Beerdsen, Thomas"]
[Black "Warnk, Torsten"]
[Result "1-0"]
[WhiteElo "2071"]
[BlackElo "1873"]
[PlyCount "53"]
[EventDate "2013.??.??"]

1. e4 e6 2. d4 d5 3. Nc3 Bb4 4. e5 c5 5. a3 cxd4 6. axb4 dxc3 7. bxc3 Nc6 8. f4
Nge7 9. Nf3 O-O 10. Bd3 h6 11. Be3 f6 12. O-O Qc7 13. exf6 Rxf6 14. b5 Na5 15.
Ne5 b6 16. Qh5 Nf5 17. Bd4 Nxd4 18. cxd4 Bd7 19. Ng4 Rf7 20. Qg6 Kf8 21. Ne5
Be8 22. f5 Rf6 23. Qh7 Rc8 24. Qh8+ Ke7 25. Qxg7+ Rf7 26. Nxf7 Bxf7 27. fxe6
1-0

[Event "HZ Chess Tournament 2013"]
[Site "?"]
[Date "2013.08.04"]
[Round "3"]
[White "Jenisch, Achim"]
[Black "Gunther, Justin"]
[Result "0-1"]
[WhiteElo "1859"]
[BlackElo "2071"]
[PlyCount "78"]
[EventDate "2013.??.??"]

1. d4 Nf6 2. c4 e6 3. Nf3 b6 4. g3 Bb7 5. Bg2 Be7 6. O-O O-O 7. Nc3 d5 8. b3
Nbd7 9. Bf4 Rc8 10. Ne5 Bb4 11. Rc1 Re8 12. Nd3 Bxc3 13. Rxc3 c5 14. dxc5 bxc5
15. Rc2 e5 16. Bg5 e4 17. Nf4 d4 18. Nh5 h6 19. Nxf6+ Nxf6 20. Bc1 Qe7 21. Qe1
Rcd8 22. Qa5 d3 23. Rd2 Ng4 24. e3 Ne5 25. Ba3 Rc8 26. Bb2 Nf3+ 27. Bxf3 exf3
28. h3 Qe6 29. Kh2 Be4 30. Qc3 f6 31. Rg1 h5 32. g4 Qd6+ 33. Kh1 hxg4 34. Rxg4
Kf7 35. Qa5 Rh8 36. h4 Bf5 37. Rf4 Qxf4 38. exf4 Rxh4+ 39. Kg1 Rch8 0-1

[Event "HZ Chess Tournament 2013"]
[Site "?"]
[Date "2013.08.05"]
[Round "4"]
[White "Harikrishna, P."]
[Black "Zaragatski, Ilja"]
[Result "1-0"]
[WhiteElo "2696"]
[BlackElo "2505"]
[PlyCount "85"]
[EventDate "2013.??.??"]

1. d4 e6 2. Nf3 c5 3. c3 d5 4. Bf4 Nc6 5. e3 Bd6 6. dxc5 Bxc5 7. Nbd2 Nf6 8.
Bd3 Qe7 9. e4 dxe4 10. Nxe4 Nxe4 11. Bxe4 e5 12. Bg3 f6 13. O-O O-O 14. b4 Bb6
15. a4 a5 16. Qd3 g6 17. Qb5 Ba7 18. Bd5+ Kh8 19. bxa5 Bb8 20. Qb2 Nxa5 21. Nd2
Rd8 22. c4 Nc6 23. Ne4 Ba7 24. Qa3 Kg7 25. Kh1 Bd4 26. f4 Qxa3 27. Rxa3 exf4
28. Bxf4 Nb4 29. Rd1 Ba7 30. h3 Nxd5 31. cxd5 Be6 32. Rb3 b6 33. Nd6 Bg8 34.
Re3 g5 35. Nf5+ Kh8 36. Bd6 Rxd6 37. Nxd6 b5 38. Re8 Rxe8 39. Nxe8 bxa4 40. d6
Bb6 41. d7 Bd8 42. Nd6 Bb3 43. Re1 1-0

[Event "HZ Chess Tournament 2013"]
[Site "?"]
[Date "2013.08.05"]
[Round "4"]
[White "Burg, Twan"]
[Black "Krasenkow, Michal"]
[Result "1/2-1/2"]
[WhiteElo "2486"]
[BlackElo "2635"]
[PlyCount "95"]
[EventDate "2013.??.??"]

1. e4 c5 2. Nf3 Nc6 3. d4 cxd4 4. Nxd4 Nf6 5. Nc3 e5 6. Ndb5 d6 7. Bg5 a6 8.
Na3 b5 9. Nd5 Be7 10. Bxf6 Bxf6 11. c4 b4 12. Nc2 O-O 13. g3 Bg5 14. Bg2 Qa5
15. O-O Qc5 16. Qd3 a5 17. b3 Ra7 18. Rad1 Bg4 19. Bf3 Be6 20. Bg2 a4 21. Kh1
axb3 22. axb3 Ra2 23. f4 Bh6 24. Nde3 Rd8 25. f5 Bc8 26. Ng4 Bg5 27. h4 Be7 28.
Ra1 Rxa1 29. Rxa1 Bf8 30. Nge3 Bb7 31. Nd5 Ra8 32. Rxa8 Bxa8 33. Qd2 Qa5 34.
Ncxb4 Nd4 35. Qe3 f6 36. Nd3 Bxd5 37. cxd5 Qc3 38. b4 Nc2 39. Qe2 Nxb4 40. Nxb4
Qxb4 41. Qa6 Qc3 42. Kh2 Kf7 43. Qc6 Qe3 44. Qc8 Be7 45. Qe6+ Kf8 46. Qc8+ Kf7
47. Kh3 Qe2 48. Qe6+ 1/2-1/2

[Event "HZ Chess Tournament 2013"]
[Site "?"]
[Date "2013.08.05"]
[Round "4"]
[White "Landa, Konstantin"]
[Black "Swapnil, S. Dhopade"]
[Result "1-0"]
[WhiteElo "2632"]
[BlackElo "2489"]
[PlyCount "71"]
[EventDate "2013.??.??"]

1. e4 c5 2. Nf3 e6 3. d4 cxd4 4. Nxd4 Nc6 5. Nc3 Qc7 6. Be2 a6 7. O-O Nf6 8.
Be3 Bb4 9. Na4 O-O 10. Nxc6 bxc6 11. f4 Be7 12. Bd3 c5 13. c4 d6 14. Qf3 Bb7
15. Nc3 Rfe8 16. Qh3 Nd7 17. Rae1 g6 18. f5 Bf6 19. fxg6 fxg6 20. e5 Nxe5 21.
Rxf6 Nxd3 22. Ref1 Ne5 23. Bh6 Qd7 24. Qg3 Rad8 25. h4 Kh8 26. Qg5 Rb8 27. Rf7
Qd8 28. Rf8+ Rxf8 29. Rxf8+ Qxf8 30. Bxf8 Rxf8 31. Qe7 Rf7 32. Qxd6 Nd7 33.
Qxe6 Kg7 34. Nd5 Kf8 35. Qd6+ Kg7 36. Nc7 1-0

[Event "HZ Chess Tournament 2013"]
[Site "?"]
[Date "2013.08.05"]
[Round "4"]
[White "Reinderman, Dimitri"]
[Black "Bosboom, Manuel"]
[Result "1-0"]
[WhiteElo "2598"]
[BlackElo "2396"]
[PlyCount "79"]
[EventDate "2013.??.??"]

1. Nf3 g6 2. c4 Bg7 3. d4 d6 4. Nc3 Nf6 5. e4 O-O 6. Be2 Nbd7 7. O-O e5 8. Be3
exd4 9. Nxd4 Re8 10. f3 c6 11. Qd2 a5 12. Rad1 a4 13. Nc2 Re6 14. c5 dxc5 15.
Bxc5 Qa5 16. Bf2 Re8 17. Rfe1 Ne5 18. Kh1 Be6 19. Nd4 Red8 20. Qc2 Bc4 21. f4
Bxe2 22. Qxe2 Neg4 23. Bg1 a3 24. e5 Re8 25. Nb3 Qb4 26. Rd4 Qf8 27. bxa3 Nh6
28. Rb4 Re6 29. Rxb7 Nh5 30. Qf3 Qc8 31. Nc5 Rxa3 32. Rd1 Re8 33. Rdd7 Rxc3 34.
Qxc3 Nxf4 35. Qb3 Bxe5 36. Rxf7 Nd5 37. Rxh7 Nf5 38. Qh3 Nc7 39. Rd7 Ng7 40.
Qh6 1-0

[Event "HZ Chess Tournament 2013"]
[Site "?"]
[Date "2013.08.05"]
[Round "4"]
[White "Henrichs, Thomas"]
[Black "Lalith, Babu M.R"]
[Result "1-0"]
[WhiteElo "2458"]
[BlackElo "2576"]
[PlyCount "41"]
[EventDate "2013.??.??"]

1. d4 Nf6 2. c4 e6 3. Nc3 Bb4 4. f3 c5 5. d5 b5 6. e4 O-O 7. e5 Ne8 8. f4 d6 9.
Nf3 exd5 10. cxd5 Nc7 11. Bd3 c4 12. Bc2 f5 13. O-O Bb7 14. Kh1 dxe5 15. fxe5
Bxc3 16. bxc3 Qxd5 17. Ba3 Re8 18. Qe2 Nc6 19. Rad1 Qf7 20. Ng5 Qg6 21. Rxf5
1-0

[Event "HZ Chess Tournament 2013"]
[Site "?"]
[Date "2013.08.05"]
[Round "4"]
[White "Ikonnikov, Vyacheslav"]
[Black "Akshat, Khamparia"]
[Result "1-0"]
[WhiteElo "2555"]
[BlackElo "2354"]
[PlyCount "81"]
[EventDate "2013.??.??"]

1. d4 Nf6 2. Nf3 g6 3. c4 Bg7 4. Nc3 O-O 5. e4 d6 6. Be2 e5 7. d5 a5 8. Bg5 h6
9. Bh4 Na6 10. Nd2 Qe8 11. O-O Nh7 12. a3 g5 13. Bg3 f5 14. Bh5 Qe7 15. exf5
Bxf5 16. Nde4 b6 17. Bg4 Bg6 18. Qe2 Nc5 19. Nxc5 bxc5 20. Be6+ Kh8 21. f3 Rfb8
22. Ne4 Rb3 23. Be1 Nf8 24. Bh3 Nd7 25. Bc3 Nb6 26. Nd2 Rxc3 27. bxc3 Rf8 28.
g3 h5 29. Be6 Rf6 30. Ne4 Rxe6 31. dxe6 Bh6 32. Rab1 Qxe6 33. Rxb6 cxb6 34. Rd1
g4 35. Rxd6 Qf5 36. fxg4 hxg4 37. Rf6 Qh5 38. Rxb6 Bg7 39. Nf6 Bxf6 40. Rxf6
Qg5 41. Rf1 1-0